Online
Catalog

Léxico : Argentino-Español-Francés = xique argentin-espagnol-français / (Record no. 41069)

MARC details
000 -CABECERA
campo de control de longitud fija 00808nam a2200205 a 4500
001 - NÚMERO DE CONTROL
campo de control 000041579
005 - FECHA Y HORA DE LA ÚLTIMA TRANSACCIÓN
campo de control 20201002035641.0
008 - DATOS DE LONGITUD FIJA--INFORMACIÓN GENERAL
campo de control de longitud fija 131011s1992 sp 000 0 spa d
020 ## - NÚMERO INTERNACIONAL ESTÁNDAR DEL LIBRO
Número Internacional Estándar del Libro 8400072308
040 ## - FUENTE DE LA CATALOGACIÓN
Centro catalogador/agencia de origen DO-SdBNP
Lengua de catalogación spa
Centro/agencia transcriptor BNPHU
082 ## - NÚMERO DE LA CLASIFICACIÓN DECIMAL DEWEY
Número de clasificación xxx
Número de documento/Ítem L979o
245 00 - MENCIÓN DE TÍTULO
Título Léxico : Argentino-Español-Francés = xique argentin-espagnol-français /
Mención de responsabilidad, etc. Paul Verdevoye, coordinador científico ; Héctor Fernando Colla, coordinador técnico.
260 ## - PUBLICACIÓN, DISTRIBUCIÓN, ETC.
Lugar de publicación, distribución, etc. Madrid :
Nombre del editor, distribuidor, etc. Archivos,
Fecha de publicación, distribución, etc. 1992.
300 ## - DESCRIPCIÓN FÍSICA
Extensión xlvii, 271 p. ;
Dimensiones 24 cm.
490 1# - MENCIÓN DE SERIE
Mención de serie Archivos, investigaciones y repertorios lexicológicos
Designación de volumen o secuencia 1
500 ## - NOTA GENERAL
Nota general Lexique argentin-espagnol-français.
700 12 - PUNTO DE ACCESO ADICIONAL--NOMBRE DE PERSONA
Nombre de persona Verdevoye, Paul
9 (RLIN) 41648
700 12 - PUNTO DE ACCESO ADICIONAL--NOMBRE DE PERSONA
Nombre de persona Colla, Héctor Fernando
9 (RLIN) 68339
830 #0 - PUNTO DE ACCESO ADICIONAL DE SERIE-TÍTULO UNIFORME
Título uniforme Archivos, investigaciones y repertorios lexicológicos
Número de parte o sección de la obra 1
9 (RLIN) 68340
Holdings
Estado de retiro Estado de pérdida Restricciones de uso No para préstamo Código de colección Localización permanente Ubicación/localización actual Ubicación en estantería Fecha de adquisición Número de inventario Total de préstamos Signatura topográfica completa Código de barras Fecha visto por última vez Precio válido a partir de Tipo de ítem Koha
      Excluido de préstamo Monografías: Libros y Folletos General General En catalogación 11.10.2013 LF1   xxx L979o 41579-10 25.06.2020 25.06.2020 No se presta

Powered by Koha